| 000 | 00348 a2200157 4500 | ||
|---|---|---|---|
| 003 | Nust | ||
| 005 | 20230321135529.0 | ||
| 040 | _cNust | ||
| 082 | _a355,DAR | ||
| 100 |
_aEhsan-ul-Haq _948214 |
||
| 245 |
_aFun-e-Sipah Geeri / _c Maj Gen Ehsan-ul-Haq |
||
| 256 | _a100 | ||
| 260 | _a Rawalindi | ||
| 300 | _a100 :p | ||
| 942 |
_2ddc _cBK _k355,DAR |
||
| 999 |
_c187975 _d187975 |
||